000 00396nmm a2200145Ia 4500
008 251105s9999||||xx |||||||||||||||||und||
041 _aspa
100 _aCalle, Ramiro
245 0 _aLa dicha del alma
264 _a[Madrid, España] :
_bEdiciones B,
_c2014
300 _a208 páginas
650 _aSpanish narrative
856 _uhttps://public.digitaliapublishing.com/a/53381
942 _cCF
999 _c105046
_d105046